000 01303cam a22003614i 4500
999 _c1048
_d1048
001 19355925
003 OSt
005 20200521152920.0
008 161028s2017 mnua b 001 0 eng
010 _a 2016034437
020 _a9781515748571 (pbk.)
040 _aDLC
_beng
_cDLC
_erda
_dDLC
042 _apcc
043 _aa-cc---
_an-us---
050 0 0 _aGT4905
_b.A54 2017
082 0 0 _a394.2614 AMS
_223
100 1 _aAmstutz, Lisa J.,
_eauthor.
245 1 0 _aChinese New Year /
_cby Lisa J. Amstutz.
264 1 _aNorth Mankato, Minnesota :
_bCapstone Press,
_c[2017]
300 _a24 pages :
_bcolor illustrations ;
_c18 cm.
336 _atext
_btxt
_2rdacontent
337 _aunmediated
_bn
_2rdamedia
338 _avolume
_bnc
_2rdacarrier
490 0 _aLittle pebble. holidays around the world
504 _aIncludes bibliographical references and index.
520 _aDescribes what happens during Chinese New Year
650 0 _aNew Year
_zChina
_vJuvenile literature.
650 0 _aChinese Americans
_vSocial life and customs
_xJuvenile literature.
651 0 _aChina
_xSocial life and customs
_vJuvenile literature.
906 _a7
_bcbc
_corignew
_d1
_eecip
_f20
_gy-gencatlg
942 _2ddc
_cNFIC